| 000 | 00552cam a22001934a 4500 | ||
|---|---|---|---|
| 005 | 20250605164158.0 | ||
| 008 | 250528s ||||||||||||||||||||||||d | ||
| 035 | _a19700 | ||
| 020 | _a9607991060 | ||
| 040 |
_aGR-AtMCL _bgre _dGR-AtMCL _eAACR2 |
||
| 245 | 1 | _aΣΤΟΙΧΕΙΑ ΕΦΑΡΜΟΣΜΕΝΩΝ ΜΑΘΗΜΑΤΙΚΩΝ | |
| 250 | _a2 | ||
| 260 |
_bΜαθηματικη Βιβλιοθηκη Χ.Βαφειαδης, _c2007 |
||
| 300 | _a637 | ||
| 700 | 1 |
_aΜαραγκακης Μ.Γ _95906 |
|
| 942 | _cBK | ||
| 999 |
_c4956 _d4956 |
||